Statistics for Største lande I verden efter areal Quiz

Click here to take the quiz!

General Stats

  • This quiz has been taken 219 times
  • The average score is 13 of 20

Answer Stats

StørrelseLand% Correct
17,098,242Rusland
100%
9,526,468USA
98%
9,640,821Kina
96%
9,984,670Canada
93%
8,514,877Brasilien
91%
7,692,024Australien
89%
3,287,590Indien
86%
2,780,400Argentina
76%
1,964,375Mexico
74%
1,564,110Mongoliet
62%
2,381,741Algeriet
55%
2,149,690Saudi Arabien
52%
2,344,858D.R. Congo
50%
1,648,195Iran
48%
1,904,569Indonesien
47%
2,724,900Kasakhstan
47%
1,886,068Sudan
42%
1,759,540Libyen
38%
1,285,216Peru
32%
1,284,000Tchad
28%

Score Distribution

Percentile by Number Answered

Percent of People with Each Score

Your Score History

You have not taken this quiz